000 00836nam a2200229 i 4500
001 110818
003 ES-MaACL
005 20260127062536.0
007 t|
008 070130s1921 sp ||||1| spa d
080 _a331.105.44
100 1 _aMontañés, Carlos Emilio.
_982389
245 1 3 _aLa técnica industrial y el sindicalismo y comunismo /
_cpor Carlos Emilio Montañés.
260 _aMadrid :
_bReus,
_c1921.
300 _a41 p. ;
_c18 cm.
490 1 _aPublicaciones de la Real Academia de Jurisprudencia y Legislación ;
_v33
500 _aSesión del día 26 de Febrero de 1921.
700 _aReal Academia de Jurisprudencia y Legislación de España
_9217612
830 0 _aPublicaciones de la Real Academia de Jurisprudencia y Legislación ;
_v33
_9180630
852 _aES-MaACL
_jL-5201
999 _c110818
_d110818